LEADER 03755nam 2200637Ia 450 001 9910456734903321 005 20200520144314.0 010 $a1-282-44121-3 010 $a9786612441219 010 $a981-277-138-7 035 $a(CKB)2550000000001190 035 $a(EBL)477186 035 $a(OCoLC)555891909 035 $a(SSID)ssj0000335230 035 $a(PQKBManifestationID)11241585 035 $a(PQKBTitleCode)TC0000335230 035 $a(PQKBWorkID)10272735 035 $a(PQKB)10716187 035 $a(MiAaPQ)EBC477186 035 $a(WSP)00002036 035 $a(Au-PeEL)EBL477186 035 $a(CaPaEBR)ebr10361939 035 $a(CaONFJC)MIL244121 035 $a(EXLCZ)992550000000001190 100 $a20080421d2009 uy 0 101 0 $aeng 135 $aurcn||||||||| 181 $ctxt 182 $cc 183 $acr 200 00$aBiomechanical systems technology$hVolume 3$iMuskular skeletal systems$b[electronic resource] /$feditor, Cornelius T. Leondes 210 $aHackensack, NJ $cWorld Scientific$d2009 215 $a1 online resource (316 p.) 300 $aDescription based upon print version of record. 311 $a981-270-983-5 320 $aIncludes bibliographical references. 327 $aPreface; CONTENTS; Chapter 1 Articular Cartilage Biomechanics, Mechanobiology, and Tissue Engineering Eugene Koay and Kyriacos Athanasiou; Chapter 2 Techniques in Modern Gait Analysis and Their Application to the Study of Knee Osteoarthritis J. L. Astephen and K. J. Deluzio; Chapter 3 Finite Element Modeling of the Microarchitecture of Cancellous Bone: Techniques and Applications Amit Gefen; Chapter 4 Effect of Stress Ratio and Stress Frequency on Fatigue Behavior of Compact Bone S. Ishihara, M. Ota, B. L. Ding, C. Fleck, T. Goshima and D. Eifler 327 $aChapter 5 Kinematic Analysis Techniques and Their Application in Biomechanics Rita Stagni, Silvia Fantozzi, Andrea G. Cutti and Angelo Cappello Chapter 6 Structural Analysis of Skeletal Body Elements: Numerical and Experimental Methods Elisabetta M. Zanetti and Cristina Bignardi; Chapter 7 Indentation Technique for Simultaneous Estimation of Young's Modulus and Poisson's Ratio of Soft Tissues Pong-Chi Choi, Hang-Yin Ling and Yong-Ping Zheng 327 $aChapter 8 Wear Phenomena in Knee Prostheses and Their Finite Element Analyses Changhee Cho, Teruo Murakami, Yoshinori Sawae, Nobuo Sakai, Hiromasa Miura and Yukihide Iwamoto Chapter 9 Tribology of Metal-on-Metal Artificial Hip Joints Zhong Min Jin, Sophie Williams, Joanne Tipper, Eileen Ingham and John Fisher 330 $aBecause of rapid developments in computer technology and computational techniques, advances in a wide spectrum of technologies, coupled with cross-disciplinary pursuits between technology and its application to human body processes, the field of biomechanics continues to evolve. Many areas of significant progress include dynamics of musculoskeletal systems, mechanics of hard and soft tissues, mechanics of bone remodeling, mechanics of blood and air flow, flow-prosthesis interfaces, mechanics of impact, dynamics of man-machine interaction, and more. Thus, the great breadth and significance 606 $aBiomechanics 606 $aBiomechanics$xMethodology 606 $aComputational biology$xMethodology 608 $aElectronic books. 615 0$aBiomechanics. 615 0$aBiomechanics$xMethodology. 615 0$aComputational biology$xMethodology. 676 $a612.01441 701 $aLeondes$b Cornelius T$028131 801 0$bMiAaPQ 801 1$bMiAaPQ 801 2$bMiAaPQ 906 $aBOOK 912 $a9910456734903321 996 $aBiomechanical systems technology$92014140 997 $aUNINA LEADER 02175nas 2200601-a 450 001 9910134586503321 005 20240413024950.0 035 $a(CKB)110990112646156 035 $a(CONSER)---93642724- 035 $a(EXLCZ)99110990112646156 100 $a19930525b19932005 --- a 101 0 $aeng 181 $ctxt$2rdacontent 182 $cc$2rdamedia 183 $acr$2rdacarrier 200 00$aUnited States-Mexico law journal 210 $aAlbuquerque, N.M. $cUniversity of New Mexico School of Law$d1993- 215 $a1 online resource 300 $aTitle from cover. 300 $a"Published annually as the symposium issue of the New Mexico law review"--T.p. verso 311 08$aPrint version: United States-Mexico law journal. 1089-8948 (DLC) 93642724 (OCoLC)28159144 517 1 $aU.S.-Mexico law journal 606 $aTariff$xLaw and legislation$zUnited States$vPeriodicals 606 $aFree trade$zUnited States$vPeriodicals 606 $aTariff$xLaw and legislation$zMexico$vPeriodicals 606 $aFree trade$zMexico$vPeriodicals 606 $aFree trade$2fast$3(OCoLC)fst00933944 606 $aTariff$xLaw and legislation$2fast$3(OCoLC)fst01143167 606 $aUnited States of America$2pplt 606 $aMexico$2pplt 606 $aLaw$2pplt 607 $aMexico$2fast$1https://id.oclc.org/worldcat/entity/E39QbtfRkxCrqQ3XXbCkdP63kc 607 $aUnited States$2fast$1https://id.oclc.org/worldcat/entity/E39PBJtxgQXMWqmjMjjwXRHgrq 608 $aPeriodicals.$2fast 608 $aPeriodicals.$2lcgft 615 0$aTariff$xLaw and legislation 615 0$aFree trade 615 0$aTariff$xLaw and legislation 615 0$aFree trade 615 7$aFree trade. 615 7$aTariff$xLaw and legislation. 615 7$aUnited States of America. 615 7$aMexico. 615 7$aLaw. 676 $a343.7305/6 676 $a347.30356 712 02$aUniversity of New Mexico.$bSchool of Law. 712 02$aUnited States-Mexico Law Institute. 906 $aJOURNAL 912 $a9910134586503321 920 $aexl_impl conversion 996 $aUnited States-Mexico law journal$92132368 997 $aUNINA